My first book of biographies : (Record no. 1958)

MARC details
000 -LEADER
fixed length control field 01271cam a2200325 a 4500
001 - CONTROL NUMBER
control field 1958
003 - CONTROL NUMBER IDENTIFIER
control field FISKH
005 - DATE AND TIME OF LATEST TRANSACTION
control field 20231020145616.0
008 - FIXED-LENGTH DATA ELEMENTS--GENERAL INFORMATION
fixed length control field 920708s1994 nyua j 000 0ceng
010 ## - LIBRARY OF CONGRESS CONTROL NUMBER
LC control number 92027623
020 ## - INTERNATIONAL STANDARD BOOK NUMBER
International Standard Book Number 0590450158
040 ## - CATALOGING SOURCE
Original cataloging agency DLC
Transcribing agency DLC
Modifying agency DLC
Language of cataloging eng
042 ## - AUTHENTICATION CODE
Authentication code lcac
050 00 - LIBRARY OF CONGRESS CALL NUMBER
Classification number CT107
Item number .B35 1994
082 00 - DEWEY DECIMAL CLASSIFICATION NUMBER
Classification number 920.02
Edition number 20
100 1# - MAIN ENTRY--PERSONAL NAME
Personal name Marzollo, Jean.
245 10 - TITLE STATEMENT
Title My first book of biographies :
Remainder of title great men and women every child should know /
Statement of responsibility, etc. by Jean Marzollo ; illustrated by Irene Trivas.
260 ## - PUBLICATION, DISTRIBUTION, ETC.
Place of publication, distribution, etc. New York :
Name of publisher, distributor, etc. Scholastic,
Date of publication, distribution, etc. 1994.
300 ## - PHYSICAL DESCRIPTION
Extent 79 pages :
Other physical details color illustrations ;
Dimensions 26 cm
505 ## - FORMATTED CONTENTS NOTE
Formatted contents note U<br/>
520 ## - SUMMARY, ETC.
Summary, etc. Highlights the contributions in various fields of endeavor of famous men and women from around the world, including Marie Curie, Abraham Lincoln, Rachel Carson, Hokusai, and Martin Luther King.
521 8# - TARGET AUDIENCE NOTE
Target audience note 840<br/>
Source Lexile<br/>
521 8# - TARGET AUDIENCE NOTE
Target audience note U<br/>
Source Raz-Plus<br/>
650 #0 - SUBJECT ADDED ENTRY--TOPICAL TERM
Topical term or geographic name entry element Biography
General subdivision Juvenile literature.
650 #1 - SUBJECT ADDED ENTRY--TOPICAL TERM
Topical term or geographic name entry element Biography.
700 1# - ADDED ENTRY--PERSONAL NAME
Personal name Trivas, Irene,
Relator term illustrator
906 ## - LOCAL DATA ELEMENT F, LDF (RLIN)
a 7
b cbc
c orignew
d 1
e ocip
f 19
g y-gencatlg
942 ## - ADDED ENTRY ELEMENTS (KOHA)
Source of classification or shelving scheme Dewey Decimal Classification
Koha item type Books
Suppress in OPAC No
Holdings
Withdrawn status Lost status Source of classification or shelving scheme Damaged status Not for loan Collection Home library Current library Shelving location Date acquired Total Checkouts Full call number Barcode Date last seen Price effective from Koha item type
    Dewey Decimal Classification     Non-Fiction Footprints International School Library Network Toul Kork Campus Footprints International School Library Network Toul Kork Campus A TK Campus, 4th Floor, Room B401, Non-Fiction Bookcases(7-8) 10/20/2023   MAR 920.02 CT107.B35 FISTK02450 10/20/2023 10/20/2023 Books